000 nam a22 a 4500
999 _c4130
_d4130
005 20170525113026.0
008 170525b2009 my ||||| |||| 00| 0 eng d
020 _a9789834419325
040 _aAKMAL
082 _a959.5 REA
090 _a959.5
_bREA
245 _aREADINGS ON DEVELOPMENT MALAYSIA 2057
_cNUNGSARI AHMAD RADHI / SURYANI SENJA ALIAS
260 _aMALAYSIA
_bKHAZANAH NASIONAL
_c2009
300 _a388ms,;
_c25 cm
942 _2ddc
_cBOOK